|
|
|
|
| LEADER |
02819nam a2200373 u 4500 |
| 001 |
10111438 |
| 003 |
upatras |
| 005 |
20210117204851.0 |
| 008 |
140122s2013 gr gre |
| 040 |
|
|
|a GR-PaULI
|c GR-PaULI
|
| 041 |
0 |
|
|a gre
|
| 082 |
1 |
4 |
|a 614.57
|2 23
|
| 084 |
|
|
|a WC 195
|
| 100 |
1 |
|
|a Παπαδημητρίου-Ολιβγέρης, Ματθαίος
|4 aut
|9 135696
|
| 245 |
1 |
0 |
|a Κλινικοεργαστηριακή διερεύνηση της φορείας και των λοιμώξεων από πολυανθεκτικά στελέχη σε ασθενείς της Μονάδας Εντατικής Θεραπείας και των Μονάδων Αυξημένης Φροντίδας
|c Παπαδημητρίου-Ολιβγέρης Ματθαίος; Πανεπιστήμιο Πατρών, Σχολή Επιστημών Υγείας, Τμήμα Ιατρικής, Πανεπιστημιακή Παθολογική Κλινική, Τμήμα Λοιμώξεων
|
| 260 |
|
|
|a Πάτρα
|b [χ.ό.]
|c 2013
|
| 300 |
|
|
|a 215 σ.
|b σχήμ., πίν.
|c 30 εκ.
|
| 500 |
|
|
|a Μεταπτυχιακό πρόγραμμα σπουδών Κλινικές-κλινικοεργαστηριακές ειδικότητες
|
| 504 |
|
|
|a Περιλαμβάνει βιβλιογραφία
|
| 650 |
|
4 |
|a Λοίμωξη
|x Διάγνωση
|z Ελλάδα
|z Αχα΅ια (Νομός)
|z Πάτρα
|9 135520
|
| 650 |
|
4 |
|a Ενδονοσοκομειακές λοιμώξεις
|9 29872
|
| 650 |
|
4 |
|a Μονάδες εντατικής θεραπείας
|z Ελλάδα
|9 135521
|
| 650 |
|
4 |
|a Μεταδοτικές ασθένειες
|9 3277
|
| 610 |
2 |
4 |
|9 135519
|a Πανεπιστημιακό Γενικό Νοσοκομείο Πατρών "Παναγία η Βοήθεια"
|
| 700 |
1 |
|
|a Μαραγκός, Μάρκος Ν.
|d 1960-
|4 oth
|9 3273
|
| 710 |
2 |
|
|9 2771
|a Πανεπιστήμιο Πατρών
|b Σχολή Επιστημών Υγείας
|b Τμήμα Ιατρικής
|e Σχολή Επιστημών Υγείας
|e Τμήμα Ιατρικής
|e Παθολογικός Τομέας Ι
|e Κλινική Παθολογίας
|
| 852 |
|
|
|a GR-PaULI
|b ΠΑΤΡΑ
|b ΒΚΠ
|b ΑΝΕ
|k ΔΙΑΤΡΙΒΗ
|h 614.57 ΠΑΠ
|m 118661
|p 025000235077
|t 2
|
| 852 |
|
|
|a GR-PaULI
|b ΠΑΤΡΑ
|b ΙΑΤΡΙΚΗ
|k ΔΙΑΤΡΙΒΗ-10
|h WC 195 ΠΑΠ
|m Δ/001375
|p 025000204616
|t 1
|
| 856 |
|
|
|a http://hdl.handle.net/10889/6310
|
| 942 |
|
|
|2 ddc
|c BKTD
|
| 952 |
|
|
|0 0
|1 0
|4 0
|6 614_570000000000000_ΠΑΠ
|7 0
|9 161116
|a LISP
|b LISP
|c RES
|d 2016-04-24
|i 118661
|l 0
|o 614.57 ΠΑΠ
|p 025000235077
|r 2016-04-24 00:00:00
|t 2
|w 2016-04-24
|y BKTD
|
| 952 |
|
|
|0 0
|1 0
|4 0
|6 WC_195_000000000000000_ΠΑΠ
|7 0
|9 161117
|a MEDI
|b MEDI
|d 2016-04-24
|i Δ/001375
|l 0
|o WC 195 ΠΑΠ
|p 025000204616
|r 2016-04-24 00:00:00
|t 1
|w 2016-04-24
|y BKTD
|
| 998 |
|
|
|c ΜΑΝΙΑΚΗ
|d 2014-01
|
| 999 |
|
|
|c 101422
|d 101422
|